Transferové oceňovanie a cena účtovná od 1.1.1999

Zmeny vo väzbe na poslednú novelizáciu zákona o daniach z príjmov, týkajúce sa oblasti transferového oceňovania. Komentár k jednotlivým zmeneným ustanoveniam zákona s účinnosťou od 1. januára 1999. Porovnania definícií prepojených subjektov. Obmedzenie použitia ceny obvyklej. Posudzovanie vzájomných...

Full description

Saved in:
Bibliographic Details
Main Author: Veselská, Jana
Format: Book Chapter
Language:Slovak
Subjects:
Tags: Add Tag
No Tags, Be the first to tag this record!

MARC

LEADER 00000naa a2200000 4500
001 r033729
005 20230926073053.8
041 0 |a slo 
044 |a SK 
245 1 0 |a Transferové oceňovanie a cena účtovná od 1.1.1999  |c Jana Veselská 
520 |a Zmeny vo väzbe na poslednú novelizáciu zákona o daniach z príjmov, týkajúce sa oblasti transferového oceňovania. Komentár k jednotlivým zmeneným ustanoveniam zákona s účinnosťou od 1. januára 1999. Porovnania definícií prepojených subjektov. Obmedzenie použitia ceny obvyklej. Posudzovanie vzájomných špekulačných obchodov. Ukončenie činnosti subjektov pôsobiacich bez povolenia ako banky. 
610 2 0 |a oceňovanie transferové 
610 2 0 |a ceny 
610 2 0 |a spoločnosti nadnárodné 
610 2 0 |a zákony 
610 2 0 |a dane z príjmov 
610 2 0 |a Slovensko 
610 2 0 |a novelizácia 
610 2 0 |a komentáre 
610 2 0 |a 1999 
100 1 |a Veselská, Jana